Mirʾāt al-akwān : Taḥrīr-i Sharḥ-i Hidāya-yi Mullā Ṣadrā Shīrāzī /
Aḥmad Ḥusaynī Ardakānī's (d. 1242/1826-7) Mirʾāt al-akwān is a Persian adaptation of Ṣadr al-Dīn Shīrāzī's (d. 1050/1640) Sharḥ al-Hidāya , a commentary on Athīr al-Dīn al-Abharī's (d. ca 663/1264) seminal philosophical summa the Hidāyat al-ḥikma . The Hidāya has been of tremendous in...
المؤلف الرئيسي:
مؤلفون آخرون:
التنسيق: كتاب الكتروني
اللغة:
English
Arabic
منشور في:
Leiden; Boston :
BRILL,
[2018]
سلاسل:
Miras Maktoob, ISBN: 9789004365452.
الموضوعات:
الوصول للمادة أونلاين: Login to view Source
الوسوم: إضافة وسم
رقم الطلب: B741
| LEADER | 03305nam a22005291i 4500 | ||
|---|---|---|---|
| 001 | BRILL9789004395312 | ||
| 003 | nllekb | ||
| 005 | 20211118222323.0 | ||
| 006 | m d | ||
| 007 | cr un uuuua | ||
| 008 | 200305t20181996ne sb 001 0 eng d | ||
| 020 | |a 9789004395312 |q (electronic book) | ||
| 020 | |a 9789004395213 |q (print) | ||
| 024 | 7 | |a 10.1163/9789004395312 |2 DOI | |
| 035 | |a (OCoLC)1082518996 | ||
| 040 | |a NL-LeKB |c NL-LeKB |e rda | ||
| 041 | 0 | |a ara |b eng | |
| 050 | 4 | |a B741 | |
| 072 | 7 | |a HBJF1 |2 bicssc | |
| 072 | 7 | |a HIS |x 003000 |2 bisacsh | |
| 072 | 7 | |a HIS |x 026000 |2 bisacsh | |
| 082 | 0 | 4 | |a 181.07 |2 23 |
| 100 | 1 | |6 880-01 |a Ardakānī, Aḥmad b. Muḥammad Ḥusaynī, |e author. | |
| 880 | 1 | |6 100-01/(3/r |a اردکانی ، احمد بن محمد حسینی, |e author. | |
| 245 | 1 | 0 | |6 880-02 |a Mirʾāt al-akwān : |b Taḥrīr-i Sharḥ-i Hidāya-yi Mullā Ṣadrā Shīrāzī / |c by Aḥmad b. Muḥammad Ḥusaynī Ardakānī ; (Edited by) ʿAbdallāh Nūrānī. |
| 880 | 1 | 0 | |6 245-02/(3/r |a مرآت الأکوان [تحریر شرح هدایه ملاصدرا شیرازی] / |c by احمد بن محمد حسيني اردكاني ; (Edited by) عبدالله نورانی. |
| 246 | 3 | |a Taḥrīr-i Sharḥ-i Hidāya-yi Mullā Ṣadrā Shīrāzī | |
| 264 | 1 | |a Leiden; |a Boston : |b BRILL, |c [2018] | |
| 264 | 4 | |c ©1996 | |
| 300 | |a 1 online resource. | ||
| 336 | |a text |b txt |2 rdacontent | ||
| 337 | |a computer |b c |2 rdamedia | ||
| 338 | |a online resource |2 rdacarrier | ||
| 490 | 1 | |a Miras Maktoob, ISBN: 9789004365452 | |
| 520 | |a Aḥmad Ḥusaynī Ardakānī's (d. 1242/1826-7) Mirʾāt al-akwān is a Persian adaptation of Ṣadr al-Dīn Shīrāzī's (d. 1050/1640) Sharḥ al-Hidāya , a commentary on Athīr al-Dīn al-Abharī's (d. ca 663/1264) seminal philosophical summa the Hidāyat al-ḥikma . The Hidāya has been of tremendous influence in the Islamic world, producing a huge commentary tradition. Ṣadr al-Dīn Shīrāzī's commentary yielded its own series of glosses and commentaries, and in India it even became a foundational text in the madrasas. Ardakānī is mostly known as a translator of religious and philosophical works. He wrote the present adaptation at the request of Muḥammad Walī Mīrzā (d. 1285/1869), a son of Fatḥ ʿAlī Shāh Qājār (d. 1249/1834). The Mirʾāt al-akwān covers just the physics and the metaphysics, leaving out the logic after the example of Shīrāzī. The metaphysics part being lost, the editor added the section on metaphysics of Ardakānī's translation of Shīrāzī's al-Mabdaʾ wal-maʿād , published earlier by him. | ||
| 546 | |a Arabic. | ||
| 588 | |a Description based on print version record. | ||
| 650 | 0 | |a Islamic philosophy. | |
| 650 | 0 | |a Logic. | |
| 700 | 1 | |6 880-03 |a Nūrānī, ʿAbdallāh, |e editor. | |
| 880 | 1 | |6 700-03/(3/r |a نورانی ، عبدالله, |e editor. | |
| 776 | 0 | 8 | |i Print version: |t Mirʾāt al-akwān : Taḥrīr-i Sharḥ-i Hidāya-yi Mullā Ṣadrā Shīrāzī. |d Leiden ; Boston : BRILL, 2018 |z 9789004395213 |
| 830 | 0 | |a Miras Maktoob, ISBN: 9789004365452. | |
| 856 | 4 | |z DOI: |u http://dx.doi.org/10.1163/9789004395312 | |
| 942 | |2 lcc |c EBOOK | ||
| 952 | |0 0 |1 0 |2 lcc |4 0 |7 1 |9 23032 |a BRILL |b BRILL |d 2021-11-18 |l 0 |r 2021-11-18 00:00:00 |w 2021-11-18 |y EBOOK | ||
| 999 | |c 40506 |d 40506 | ||
